000 00845nmc a2200289 a 4500
003 AR-BaBNM
005 20251128211253.0
008 223020s1999 ||||||||||||||000 | spa||
020 _a950-518-810-2
040 _cAR-BaBNM
100 1 _aEgan, Kieran
245 1 0 _aLa imaginación en la enseñanza y el aprendizaje
_bpara los años intermedios de la escuela
260 _aBuenos Aires
_bAmorrortu Editores
_c1999
300 0 _a222 p.
490 0 _aAgenda educativa
504 _aContiene referencias bibliográficas p. 217-222
650 4 _aTECNICAS DE ENSENANZA
650 4 _aPROCESO DE APRENDIZAJE
650 4 _aNARRACION DE CUENTOS
650 4 _aMETODOS DE ENSENANZA
651 4 _aEstados Unidos
653 0 _aNARRATIVA
653 0 _aINVESTIGACION EDUCATIVA
800 1 _aLitwin, Edith
942 _cBK
998 _craquel
999 _c18934
_d18934